[Event "21. Open Internacional de Sants"]
[Site "Barcelona ESP"]
[Date "2009.08.26"]
[Round "6.11"]
[White "Karlsson, Lars"]
[Black "Perez Mitjans, Orelvis"]
[Result "1-0"]
[WhiteElo "2468"]
[BlackElo "2404"]
[PlyCount "119"]
[EventDate "2009.08.21"]
[EventType "swiss"]
[EventRounds "10"]
[EventCountry "ESP"]
[Source "lmi"]
[SourceDate "2009.08.21"]

1. c4 g6 2. g3 Bg7 3. Bg2 d6 4. Nc3 Nf6 5. e3 O-O 6. Nge2 c6 7. d4 d5 8. b3 a6
9. O-O b5 10. cxd5 cxd5 11. Nf4 Bb7 12. Nd3 Nbd7 13. Bb2 e6 14. a4 Qb6 15. a5
Qa7 16. b4 Rad8 17. Nc5 Nb8 18. Qb3 Nc6 19. Rad1 Ba8 20. Ne2 Ne8 21. Nf4 Nc7
22. Nfd3 Ne7 23. g4 Ne8 24. f3 Nd6 25. Ne5 Bb7 26. h3 Bc8 27. f4 Qc7 28. Qd3
Nc4 29. Bc3 f6 30. Nf3 f5 31. g5 Nc6 32. Rb1 Rd6 33. h4 Ne7 34. Ne5 Nc6 35. Bf3
N6xe5 36. dxe5 Rc6 37. Bd4 Bd7 38. h5 Be8 39. h6 Bh8 40. Rf2 Bf7 41. Qc3 Rd8
42. Be2 Rb8 43. Bf1 Be8 44. Ra2 Qc8 45. Qe1 Rc7 46. Nb3 Rf7 47. Bc5 Bd7 48. Nd4
Qe8 49. Bb6 Bc6 50. Bxc4 bxc4 51. b5 Bxb5 52. Nxb5 axb5 53. Qb4 Bxe5 54. fxe5
f4 55. exf4 Rxf4 56. Rf1 Rxf1+ 57. Kxf1 d4 58. Qd6 b4 59. Rf2 c3 60. Qc7 1-0

[Event "21. Open Internacional de Sants"]
[Site "Barcelona ESP"]
[Date "2009.08.26"]
[Round "6.12"]
[White "Picard, Romain"]
[Black "Bacallao Alonso, Yusnel"]
[Result "0-1"]
[WhiteElo "2401"]
[BlackElo "2467"]
[PlyCount "56"]
[EventDate "2009.08.21"]
[EventType "swiss"]
[EventRounds "10"]
[EventCountry "ESP"]
[Source "lmi"]
[SourceDate "2009.08.21"]

1. e4 c6 2. d4 d5 3. Nc3 dxe4 4. Nxe4 Nd7 5. Bc4 Ngf6 6. Ng5 e6 7. Qe2 Nb6 8.
Bd3 Nbd5 9. N1f3 Bb4+ 10. Kf1 h6 11. Ne4 Nxe4 12. Qxe4 Nf6 13. Qe2 b6 14. h4
Bb7 15. h5 Qc7 16. Rh4 Bd6 17. Bd2 Nd5 18. Ne5 O-O-O 19. c4 Bxe5 20. cxd5 Rxd5
21. dxe5 Rhd8 22. Rh3 Qd7 23. Bxh6 gxh6 24. Bc2 Rd2 25. Qc4 c5 26. Kg1 Qd4 27.
Qxd4 R8xd4 28. Rc1 Rg4 0-1

[Event "21. Open Internacional de Sants"]
[Site "Barcelona ESP"]
[Date "2009.08.26"]
[Round "6.13"]
[White "Alonso Rosell, Alvar"]
[Black "Lorenzo De La Riva, Lazaro"]
[Result "1-0"]
[WhiteElo "2461"]
[BlackElo "2331"]
[PlyCount "67"]
[EventDate "2009.08.21"]
[EventType "swiss"]
[EventRounds "10"]
[EventCountry "ESP"]
[Source "lmi"]
[SourceDate "2009.08.21"]

1. d4 d5 2. c4 c6 3. Nf3 Nf6 4. Nc3 e6 5. Bg5 dxc4 6. e4 b5 7. e5 h6 8. Bh4 g5
9. Nxg5 hxg5 10. Bxg5 Nbd7 11. exf6 Qa5 12. g3 Ba6 13. a3 O-O-O 14. Bg2 Nc5 15.
O-O Nb3 16. Qf3 Bb7 17. Rad1 Rd7 18. h4 Nxd4 19. Qg4 Qd8 20. Be3 Bc5 21. a4 a6
22. axb5 axb5 23. Rd2 Kb8 24. Bf4+ Ka7 25. Ra1+ Kb6 26. Rad1 e5 27. Be3 Kc7 28.
Qe4 Kb6 29. Qxe5 Re8 30. Qg5 Rxe3 31. fxe3 Nf3+ 32. Bxf3 Rxd2 33. Rxd2 Qxd2 34.
Qxc5+ 1-0

[Event "21. Open Internacional de Sants"]
[Site "Barcelona ESP"]
[Date "2009.08.26"]
[Round "6.14"]
[White "Larduet Despaigne, Carlos"]
[Black "Vila Gazquez, Xavier"]
[Result "0-1"]
[WhiteElo "2339"]
[BlackElo "2457"]
[PlyCount "106"]
[EventDate "2009.08.21"]
[EventType "swiss"]
[EventRounds "10"]
[EventCountry "ESP"]
[Source "lmi"]
[SourceDate "2009.08.21"]

1. d4 Nf6 2. Nf3 e6 3. Bg5 h6 4. Bh4 c5 5. e3 b6 6. Nbd2 Bb7 7. c3 Be7 8. Bxf6
Bxf6 9. Bd3 O-O 10. Qe2 Nc6 11. Ba6 Bxa6 12. Qxa6 cxd4 13. cxd4 b5 14. Qa3 Be7
15. Qb3 a5 16. O-O Qb8 17. a3 a4 18. Qd3 b4 19. e4 Rc8 20. Rfc1 bxa3 21. bxa3
Na5 22. g3 Qb2 23. Rcb1 Qc3 24. Qb5 Nb3 25. Nxb3 Rcb8 26. Qxd7 axb3 27. Kg2 b2
28. Ra2 Bxa3 29. Ne5 Rf8 30. Qc6 Qxd4 31. Nf3 Qd8 32. Qc3 Qd6 33. Ne1 Rfc8 34.
Qd3 Qc5 35. Rbxb2 Bxb2 36. Rxb2 Qc3 37. Qxc3 Rxc3 38. h4 Rc4 39. Re2 Raa4 40.
Kf3 Rc3+ 41. Kg2 Rca3 42. Nf3 Ra2 43. Re3 Rc2 44. Ne5 Ra5 45. Nd3 Ra3 46. Kf3
Rd2 47. Nf4 Rxe3+ 48. Kxe3 Ra2 49. g4 g6 50. h5 g5 51. Nd3 Ra3 52. Kd4 Kg7 53.
e5 Ra4+ 0-1

[Event "21. Open Internacional de Sants"]
[Site "Barcelona ESP"]
[Date "2009.08.26"]
[Round "6.15"]
[White "Douriet Duany, Alexis"]
[Black "Larino Nieto, David"]
[Result "1/2-1/2"]
[WhiteElo "2306"]
[BlackElo "2455"]
[PlyCount "109"]
[EventDate "2009.08.21"]
[EventType "swiss"]
[EventRounds "10"]
[EventCountry "ESP"]
[Source "lmi"]
[SourceDate "2009.08.21"]

1. d4 e6 2. Nf3 d5 3. c4 c5 4. cxd5 exd5 5. Bg5 Be7 6. Bxe7 Nxe7 7. dxc5 Qa5+
8. Nc3 Qxc5 9. Qd4 Qxd4 10. Nxd4 Nbc6 11. Rd1 Nxd4 12. Rxd4 Be6 13. e3 O-O-O
14. Ra4 d4 15. exd4 Nc6 16. Bb5 Nxd4 17. O-O Nxb5 18. Nxb5 a6 19. Nd4 Bxa2 20.
Rc1+ Kb8 21. Nc6+ bxc6 22. Rxa2 Kb7 23. Ra3 Rd5 24. Rf3 f6 25. Rg3 g6 26. Re3
Rhd8 27. Kf1 Rd1+ 28. Rxd1 Rxd1+ 29. Ke2 Rb1 30. Rb3+ Kc7 31. Kd2 Rg1 32. Rg3
g5 33. h3 h6 34. Rf3 Rxg2 35. Rxf6 h5 36. Ke2 Rg1 37. Kd2 Kb6 38. Rf5 h4 39.
Kc2 c5 40. Kb3 Kb5 41. Ka2 Kc4 42. Rf6 a5 43. Rg6 a4 44. f4 g4 45. hxg4 h3 46.
Rh6 Rg3 47. g5 a3 48. g6 axb2 49. Kxb2 Rg2+ 50. Ka3 Rg3+ 51. Ka4 Kd4 52. f5 Ke5
53. g7 Rxg7 54. Rxh3 Kxf5 55. Rh5+ 1/2-1/2

[Event "21. Open Internacional de Sants"]
[Site "Barcelona ESP"]
[Date "2009.08.26"]
[Round "6.16"]
[White "Mestre Bellido, Hector"]
[Black "Pogorelov, Ruslan"]
[Result "0-1"]
[WhiteElo "2292"]
[BlackElo "2441"]
[PlyCount "80"]
[EventDate "2009.08.21"]
[EventType "swiss"]
[EventRounds "10"]
[EventCountry "ESP"]
[Source "lmi"]
[SourceDate "2009.08.21"]

1. e4 c6 2. d4 d5 3. exd5 cxd5 4. Bd3 Nc6 5. c3 Qc7 6. Bg5 Nf6 7. Nd2 Bg4 8.
Qc2 e6 9. Ngf3 Bd6 10. O-O-O Bh5 11. Rde1 Bg6 12. Bxf6 gxf6 13. Kb1 O-O-O 14.
h4 Rhg8 15. g3 Bxd3 16. Qxd3 f5 17. Nb3 Rg7 18. Qe2 Kb8 19. Ne5 Bxe5 20. dxe5
Rg4 21. Nc5 Rc4 22. Nd3 Re4 23. Qh5 Nxe5 24. Nxe5 Qxe5 25. Rd1 Qf6 26. Qg5 Qh8
27. Rhe1 Rc4 28. Rd3 h6 29. Qd2 Rdc8 30. Rd1 Qf6 31. Qe2 Re4 32. Qc2 a6 33. a3
Ka7 34. Ka2 Rc6 35. Qd2 h5 36. Re1 Qd8 37. Rd4 Rxd4 38. Qxd4+ Qb6 39. Qd2 Rc4
40. Re3 Qc5 0-1

[Event "21. Open Internacional de Sants"]
[Site "Barcelona ESP"]
[Date "2009.08.26"]
[Round "6.18"]
[White "Gachet, Sebastien"]
[Black "Milov, Leonid"]
[Result "1-0"]
[WhiteElo "2330"]
[BlackElo "2562"]
[PlyCount "95"]
[EventDate "2009.08.21"]
[EventType "swiss"]
[EventRounds "10"]
[EventCountry "ESP"]
[Source "lmi"]
[SourceDate "2009.08.21"]

1. e4 c5 2. Nf3 e6 3. d4 cxd4 4. Nxd4 Nc6 5. c4 Nf6 6. Nc3 Bb4 7. Nxc6 bxc6 8.
Bd3 e5 9. O-O O-O 10. Be3 d6 11. Qa4 Bxc3 12. bxc3 Ng4 13. Bd2 Qh4 14. h3 Nf6
15. Rae1 Bd7 16. Qa3 Rfe8 17. Re3 Re6 18. Rb1 Bc8 19. Qa5 Re8 20. Qc7 Be6 21.
Qxc6 Red8 22. Qc7 Ne8 23. Qa5 Qe7 24. Ree1 Rdc8 25. Rb4 Qc7 26. Qa6 Qc6 27.
Qxc6 Rxc6 28. Reb1 Kf8 29. Ra4 a6 30. f3 Nf6 31. Be3 Nd7 32. Rab4 Rac8 33. Rb7
Nc5 34. Bxc5 Rxc5 35. Ra7 Ra5 36. Rb6 Rxa2 37. Rxd6 a5 38. c5 Ra3 39. Ba6 Re8
40. Bb5 Rc8 41. Bd7 Bxd7 42. Rdxd7 f6 43. Rf7+ Kg8 44. Rxg7+ Kh8 45. Rxh7+ Kg8
46. Rhg7+ Kh8 47. Rgf7 Rxc3 48. Rxa5 1-0

[Event "21. Open Internacional de Sants"]
[Site "Barcelona ESP"]
[Date "2009.08.26"]
[Round "6.19"]
[White "Narciso Dublan, Marc"]
[Black "Arias Boo, Guillermo"]
[Result "1-0"]
[WhiteElo "2553"]
[BlackElo "2323"]
[PlyCount "59"]
[EventDate "2009.08.21"]
[EventType "swiss"]
[EventRounds "10"]
[EventCountry "ESP"]
[Source "lmi"]
[SourceDate "2009.08.21"]

1. c4 Nf6 2. g3 e6 3. Bg2 d5 4. Nf3 Be7 5. O-O O-O 6. d4 dxc4 7. Qc2 a6 8. a4
c5 9. dxc5 Qc7 10. Qxc4 Qxc5 11. Qxc5 Bxc5 12. Ne5 Nbd7 13. Nd3 Ba7 14. Nc3 Re8
15. Rd1 h6 16. Bd2 Nc5 17. Nxc5 Bxc5 18. a5 Ba7 19. Na4 Nd5 20. e4 Nf6 21. e5
Ng4 22. Nb6 Bxb6 23. axb6 Nxe5 24. Bf4 Ng6 25. Bd6 Rd8 26. Bb4 Rxd1+ 27. Rxd1
f6 28. Rd8+ Kf7 29. Bxb7 Rb8 30. Rxc8 1-0

[Event "21. Open Internacional de Sants"]
[Site "Barcelona ESP"]
[Date "2009.08.27"]
[Round "7.2"]
[White "Kunin, Vitaly"]
[Black "Martinez Duany, Lelys Stanley"]
[Result "0-1"]
[WhiteElo "2532"]
[BlackElo "2507"]
[PlyCount "102"]
[EventDate "2009.08.21"]
[EventType "swiss"]
[EventRounds "10"]
[EventCountry "ESP"]
[Source "lmi"]
[SourceDate "2009.08.21"]

1. d4 Nf6 2. Nf3 d6 3. c4 Nbd7 4. Nc3 g6 5. e4 e5 6. d5 Bg7 7. Bg5 h6 8. Be3
Ng4 9. Bd2 O-O 10. h3 Ngf6 11. Be3 Nc5 12. Nd2 a5 13. Be2 Bd7 14. O-O Nh7 15.
Rc1 h5 16. b3 Bf6 17. Nf3 Ng5 18. Nxg5 Bxg5 19. Qd2 Bxe3 20. Qxe3 Qe7 21. Nb5
Qh4 22. Bf3 Rac8 23. Rc3 f5 24. Qh6 Qf6 25. exf5 Bxf5 26. Qe3 Rf7 27. Be2 c6
28. dxc6 bxc6 29. Na3 Ne6 30. Rd1 Nd4 31. Bd3 Rcf8 32. Bxf5 Qxf5 33. Rd2 g5 34.
Nc2 c5 35. Qe1 g4 36. Nxd4 cxd4 37. Rg3 Rg7 38. hxg4 hxg4 39. Qe2 Rf6 40. Rdd3
Rh6 41. f3 Qf4 42. Rxg4 Rxg4 43. fxg4 e4 44. Rh3 d3 45. Qf1 Rf6 46. Qd1 d2 47.
g5 Qf1+ 48. Qxf1 Rxf1+ 49. Kxf1 d1=Q+ 50. Kf2 Qd2+ 51. Kg1 e3 0-1

[Event "21. Open Internacional de Sants"]
[Site "Barcelona ESP"]
[Date "2009.08.27"]
[Round "7.4"]
[White "Vila Gazquez, Xavier"]
[Black "Grigoriants, Sergey"]
[Result "1/2-1/2"]
[WhiteElo "2457"]
[BlackElo "2564"]
[PlyCount "38"]
[EventDate "2009.08.21"]
[EventType "swiss"]
[EventRounds "10"]
[EventCountry "ESP"]
[Source "lmi"]
[SourceDate "2009.08.21"]

1. d4 Nf6 2. Nf3 e6 3. e3 c5 4. Bd3 Nc6 5. O-O d5 6. b3 b6 7. Bb2 Bb7 8. Ne5
Bd6 9. Nd2 O-O 10. f4 cxd4 11. exd4 Nb4 12. Be2 Qc7 13. c3 Nc6 14. Bd3 Rae8 15.
Qf3 g6 16. h4 Nh5 17. g3 Ne7 18. Ng4 Kg7 19. Rae1 Ng8 1/2-1/2

[Event "21. Open Internacional de Sants"]
[Site "Barcelona ESP"]
[Date "2009.08.27"]
[Round "7.5"]
[White "Pogorelov, Ruslan"]
[Black "Almeida Quintana, Omar"]
[Result "0-1"]
[WhiteElo "2441"]
[BlackElo "2524"]
[PlyCount "60"]
[EventDate "2009.08.21"]
[EventType "swiss"]
[EventRounds "10"]
[EventCountry "ESP"]
[Source "lmi"]
[SourceDate "2009.08.21"]

1. Nf3 g6 2. c4 Bg7 3. d4 d6 4. e4 Bg4 5. Be2 Nc6 6. Be3 e5 7. d5 Bxf3 8. Bxf3
Nd4 9. Bxd4 exd4 10. Nd2 Ne7 11. Rb1 a5 12. Be2 O-O 13. h4 f5 14. h5 fxe4 15.
Nxe4 Nf5 16. hxg6 hxg6 17. g3 Qe7 18. Bd3 Rae8 19. Qg4 Qf7 20. O-O Nh6 21. Qd1
Qf5 22. f3 Qh3 23. Rf2 Ng4 24. fxg4 Rxf2 25. Kxf2 Qh2+ 26. Ke1 Bh6 27. Qe2 Qh1+
28. Qf1 Rxe4+ 29. Kf2 Be3+ 30. Ke1 Qh2 0-1

[Event "21. Open Internacional de Sants"]
[Site "Barcelona ESP"]
[Date "2009.08.27"]
[Round "7.7"]
[White "Fargere, Francois"]
[Black "Ipatov, Alexander"]
[Result "1-0"]
[WhiteElo "2480"]
[BlackElo "2454"]
[PlyCount "89"]
[EventDate "2009.08.21"]
[EventType "swiss"]
[EventRounds "10"]
[EventCountry "ESP"]
[Source "lmi"]
[SourceDate "2009.08.21"]

1. e4 e5 2. Nf3 Nf6 3. Nxe5 d6 4. Nf3 Nxe4 5. Nc3 Nxc3 6. dxc3 Be7 7. Bf4 Nd7
8. Qd2 O-O 9. O-O-O Nc5 10. Be3 Re8 11. Bc4 Be6 12. Bxe6 Nxe6 13. h4 Qd7 14.
Qd5 Qc6 15. Qf5 Qc4 16. Kb1 g6 17. Qh3 h5 18. Nd2 Qe2 19. Rde1 Qg4 20. Qh2 d5
21. f3 Qa4 22. g4 Bd6 23. Qg1 Nf4 24. Qf2 Re7 25. Bxf4 Rxe1+ 26. Rxe1 Bxf4 27.
gxh5 Re8 28. hxg6 fxg6 29. Nb3 Rxe1+ 30. Qxe1 Kf7 31. Nc5 Qc6 32. Qg1 b6 33.
Nd3 Qf6 34. Nxf4 Qxf4 35. Qg4 Qd6 36. b3 a5 37. Kb2 c5 38. h5 gxh5 39. Qxh5+
Kg7 40. Qg4+ Kf6 41. f4 b5 42. Qg5+ Kf7 43. Qh5+ Kg7 44. Qe5+ Qf6 45. b4 1-0

[Event "21. Open Internacional de Sants"]
[Site "Barcelona ESP"]
[Date "2009.08.27"]
[Round "7.11"]
[White "Ikonnikov, Vyacheslav"]
[Black "Giffard, Nicolas"]
[Result "1-0"]
[WhiteElo "2556"]
[BlackElo "2357"]
[PlyCount "93"]
[EventDate "2009.08.21"]
[EventType "swiss"]
[EventRounds "10"]
[EventCountry "ESP"]
[Source "lmi"]
[SourceDate "2009.08.21"]

1. d4 Nf6 2. c4 e6 3. Nc3 Bb4 4. Qc2 c5 5. dxc5 Na6 6. a3 Qa5 7. Bd2 Nxc5 8.
Rc1 Bxc3 9. Bxc3 Qa4 10. Qxa4 Nxa4 11. Be5 d6 12. Bxd6 Nxb2 13. f3 b6 14. c5
bxc5 15. Rxc5 Na4 16. Ra5 Nb6 17. e4 Nfd7 18. Bd3 Bb7 19. Ne2 f6 20. Kd2 Kf7
21. Rc1 Rhc8 22. Bc7 e5 23. Bb1 Ke7 24. Ba2 Nf8 25. Ng3 g6 26. Nf1 Ne6 27. Bxe6
Kxe6 28. Ne3 Kd7 29. Rac5 Na4 30. R5c4 Nb6 31. Bxb6 axb6 32. Rxc8 Rxc8 33. Rxc8
Kxc8 34. Ng4 f5 35. exf5 gxf5 36. Nxe5 Kc7 37. Ke3 Kd6 38. Kf4 Bc8 39. Nc4+ Kc5
40. Ne3 Kb5 41. Nxf5 Ka4 42. Nd6 Ba6 43. Ke5 Kxa3 44. f4 b5 45. Nxb5+ Bxb5 46.
f5 Kb4 47. f6 1-0

[Event "21. Open Internacional de Sants"]
[Site "Barcelona ESP"]
[Date "2009.08.27"]
[Round "7.12"]
[White "Guramishvili, Sopiko"]
[Black "Narciso Dublan, Marc"]
[Result "1/2-1/2"]
[WhiteElo "2339"]
[BlackElo "2553"]
[PlyCount "34"]
[EventDate "2009.08.21"]
[EventType "swiss"]
[EventRounds "10"]
[EventCountry "ESP"]
[Source "lmi"]
[SourceDate "2009.08.21"]

1. d4 f5 2. c4 Nf6 3. g3 e6 4. Bg2 c6 5. Nh3 d6 6. Nc3 Be7 7. e4 e5 8. O-O O-O
9. exf5 Bxf5 10. d5 h6 11. f3 cxd5 12. Nxd5 Nc6 13. Ne3 Bd7 14. Nf2 Qb8 15.
Nfg4 Nd4 16. b3 Bc6 17. Bb2 Nxg4 1/2-1/2

[Event "21. Open Internacional de Sants"]
[Site "Barcelona ESP"]
[Date "2009.08.27"]
[Round "7.13"]
[White "Lemos, Damian"]
[Black "Lorscheid, Gerhard"]
[Result "1-0"]
[WhiteElo "2547"]
[BlackElo "2345"]
[PlyCount "83"]
[EventDate "2009.08.21"]
[EventType "swiss"]
[EventRounds "10"]
[EventCountry "ESP"]
[Source "lmi"]
[SourceDate "2009.08.21"]

1. d4 d6 2. c4 g6 3. e4 Bg7 4. Nc3 e5 5. Nf3 Nc6 6. d5 Nce7 7. Be2 h6 8. O-O f5
9. exf5 gxf5 10. Ne1 Nf6 11. f4 e4 12. Nc2 c5 13. dxc6 bxc6 14. Be3 O-O 15. Qd2
Qc7 16. Rad1 Rb8 17. b4 a6 18. Bd4 Ng6 19. Qe3 Qf7 20. c5 d5 21. h3 Kh7 22. Na4
Rg8 23. Kh1 Bf8 24. Rg1 Nd7 25. Rdf1 Bb7 26. Bc3 Be7 27. Nd4 a5 28. a3 axb4 29.
axb4 Ra8 30. Ra1 Rgc8 31. Nb3 Bd8 32. Nb6 Nxb6 33. cxb6 Rcb8 34. Bh5 Ba6 35. g4
Bxb6 36. Bd4 Bxd4 37. Nxd4 Qf6 38. Bxg6+ Qxg6 39. Nxf5 Rxb4 40. Ra2 Bb7 41.
Rxa8 Bxa8 42. Qa3 1-0

[Event "21. Open Internacional de Sants"]
[Site "Barcelona ESP"]
[Date "2009.08.27"]
[Round "7.14"]
[White "Cruz, Jonathan"]
[Black "Cruz, Cristhian"]
[Result "0-1"]
[WhiteElo "2292"]
[BlackElo "2525"]
[PlyCount "76"]
[EventDate "2009.08.21"]
[EventType "swiss"]
[EventRounds "10"]
[EventCountry "ESP"]
[Source "lmi"]
[SourceDate "2009.08.21"]

1. d4 e6 2. Nf3 c5 3. g3 cxd4 4. Nxd4 d5 5. Bg2 Nf6 6. O-O e5 7. Nb3 Be6 8. Bg5
Nbd7 9. e4 dxe4 10. Nc3 Be7 11. Nxe4 Nxe4 12. Bxe7 Qxe7 13. Bxe4 Nf6 14. Bg2
O-O 15. Qe2 Qc7 16. Rfe1 Nd7 17. Rad1 Rfe8 18. Qb5 Rab8 19. Bd5 Bg4 20. f3 Bh3
21. g4 Nf6 22. Qc5 Qxc5+ 23. Nxc5 h5 24. Ne4 hxg4 25. Nf2 g6 26. Bb3 Kg7 27.
Rd6 Rh8 28. Rxe5 gxf3 29. Re7 Rbf8 30. Rxb7 Rh5 31. Rxa7 Rg5+ 32. Kh1 Re8 33.
Rxf7+ Kh6 34. Rd1 Re2 35. Nxh3 Rgg2 36. Nf4 Rxh2+ 37. Kg1 Ng4 38. Rf8 Reg2+ 0-1

[Event "21. Open Internacional de Sants"]
[Site "Barcelona ESP"]
[Date "2009.08.27"]
[Round "7.15"]
[White "Larino Nieto, David"]
[Black "Sowray, Peter J"]
[Result "0-1"]
[WhiteElo "2455"]
[BlackElo "2335"]
[PlyCount "92"]
[EventDate "2009.08.21"]
[EventType "swiss"]
[EventRounds "10"]
[EventCountry "ESP"]
[Source "lmi"]
[SourceDate "2009.08.21"]

1. e4 b6 2. d4 Bb7 3. Bd3 g6 4. Be3 Bg7 5. Nd2 d6 6. c3 Nd7 7. f4 Ngf6 8. Ngf3
O-O 9. h3 e5 10. fxe5 dxe5 11. d5 c6 12. c4 cxd5 13. cxd5 Rc8 14. Rc1 Qe7 15.
Rxc8 Rxc8 16. Bb1 Ba6 17. Nb3 Qb4+ 18. Nfd2 Bf8 19. Qf3 Be7 20. a3 Qb5 21. Rf1
Qa4 22. Rf2 Bxa3 23. bxa3 Rc3 24. g4 Kh8 25. g5 Nh5 26. Kd1 Nf4 27. Qxf4 Rxb3
28. Nxb3 exf4 29. Bd4+ Kg8 30. Bc2 Nc5 31. Bxc5 bxc5 32. Rd2 Qb5 33. Kc1 Bc8
34. d6 f3 35. a4 Qf1+ 36. Kb2 f2 37. d7 Bxd7 38. Rxd7 Qxh3 39. Rd8+ Kg7 40. Nd2
f1=Q 41. Nxf1 Qxf1 42. Rd7 Qa6 43. Kc3 Qa5+ 44. Kd3 Qb4 45. Rxa7 c4+ 46. Ke2
Qb2 0-1

[Event "21. Open Internacional de Sants"]
[Site "Barcelona ESP"]
[Date "2009.08.28"]
[Round "8.1"]
[White "Martinez Duany, Lelys Stanley"]
[Black "Fier, Alexandr"]
[Result "1/2-1/2"]
[WhiteElo "2507"]
[BlackElo "2604"]
[PlyCount "91"]
[EventDate "2009.08.21"]
[EventType "swiss"]
[EventRounds "10"]
[EventCountry "ESP"]
[Source "lmi"]
[SourceDate "2009.08.21"]

1. e4 c5 2. Nf3 d6 3. d4 cxd4 4. Nxd4 Nf6 5. Nc3 a6 6. Be2 e6 7. O-O Be7 8. f4
Nc6 9. Kh1 O-O 10. Be3 Bd7 11. a4 Qc7 12. Nb3 b6 13. Bf3 Rfe8 14. Qd2 Rab8 15.
Bf2 Nb4 16. a5 bxa5 17. Nxa5 e5 18. Bg3 exf4 19. Bxf4 Be6 20. Rfc1 Bg4 21. Bxg4
Nxg4 22. h3 Ne5 23. Ra4 Bf8 24. Rca1 Qc8 25. Rf1 Nc4 26. Nxc4 Qxc4 27. Raa1
Rbd8 28. b3 Qc8 29. Nd5 Nxd5 30. exd5 Qb7 31. Qd3 Rb8 32. c4 Qb6 33. Rf3 Rb7
34. Bd2 Qc5 35. Ba5 Qc8 36. b4 g6 37. Raf1 Re5 38. Rf6 Rh5 39. Qd4 Ra7 40. Qe4
Rb7 41. Qf4 Qe8 42. Qf3 Re5 43. Qg3 Re4 44. R6f4 Re3 45. R4f3 Re4 46. Rf4
1/2-1/2

[Event "21. Open Internacional de Sants"]
[Site "Barcelona ESP"]
[Date "2009.08.28"]
[Round "8.4"]
[White "Karlsson, Lars"]
[Black "Ikonnikov, Vyacheslav"]
[Result "0-1"]
[WhiteElo "2468"]
[BlackElo "2556"]
[PlyCount "98"]
[EventDate "2009.08.21"]
[EventType "swiss"]
[EventRounds "10"]
[EventCountry "ESP"]
[Source "lmi"]
[SourceDate "2009.08.21"]

1. g3 e5 2. c4 Nc6 3. Bg2 g6 4. Nc3 Bg7 5. e3 d6 6. Nge2 Be6 7. d4 Bxc4 8. d5
Bxe2 9. Qxe2 Nb8 10. Qb5+ Nd7 11. Qxb7 a6 12. Qb3 Ne7 13. e4 O-O 14. O-O f5 15.
exf5 gxf5 16. Qc2 Qe8 17. f4 e4 18. g4 fxg4 19. Nxe4 Nf5 20. a4 Nc5 21. Ra3 Nd4
22. Qb1 Qg6 23. Kh1 Rae8 24. Re3 Nf5 25. Nxc5 Nxe3 26. Bxe3 Qxb1 27. Rxb1 Rxe3
28. Ne6 Rb8 29. b4 a5 30. b5 Ra3 31. Rc1 Bb2 32. Rc2 Ra1+ 33. Bf1 Rxf1+ 34. Kg2
Rb1 35. Kg3 Bf6 36. Kxg4 Rb7 37. Nxc7 Kf7 38. Ne6 Rd1 39. Rc8 h5+ 40. Kxh5
Rxd5+ 41. Ng5+ Bxg5 42. fxg5 Rd4 43. Rh8 Kg7 44. Rd8 Rxa4 45. Rxd6 Rxb5 46.
Rg6+ Kf7 47. Rf6+ Ke7 48. Rf2 Re4 49. Kg6 Re6+ 0-1

[Event "21. Open Internacional de Sants"]
[Site "Barcelona ESP"]
[Date "2009.08.28"]
[Round "8.5"]
[White "Grigoriants, Sergey"]
[Black "Bacallao Alonso, Yusnel"]
[Result "1-0"]
[WhiteElo "2564"]
[BlackElo "2467"]
[PlyCount "73"]
[EventDate "2009.08.21"]
[EventType "swiss"]
[EventRounds "10"]
[EventCountry "ESP"]
[Source "lmi"]
[SourceDate "2009.08.21"]

1. e4 e5 2. Nf3 Nc6 3. Bb5 a6 4. Ba4 Nf6 5. O-O Be7 6. Re1 b5 7. Bb3 O-O 8. a4
Bb7 9. d3 h6 10. Nc3 b4 11. Nd5 d6 12. a5 Nxd5 13. exd5 Nb8 14. d4 Nd7 15. dxe5
dxe5 16. Nxe5 Nxe5 17. Rxe5 Bd6 18. Re1 Qf6 19. Be3 c5 20. dxc6 Bxc6 21. Qg4
Qe5 22. Qh4 Rae8 23. Rad1 Bc7 24. Bd2 Qf5 25. Bxb4 Qg6 26. Qh3 Rxe1+ 27. Rxe1
Rb8 28. Bd2 Rb5 29. f3 Qd6 30. Bc3 Rg5 31. Kh1 Qf4 32. Re2 Bd7 33. Bd2 Rd5 34.
Bxd5 Qd6 35. Qg3 Qf4 36. Bb3 Qd4 37. Qh3 1-0

[Event "21. Open Internacional de Sants"]
[Site "Barcelona ESP"]
[Date "2009.08.28"]
[Round "8.7"]
[White "Sowray, Peter J"]
[Black "Cruz, Cristhian"]
[Result "1-0"]
[WhiteElo "2335"]
[BlackElo "2525"]
[PlyCount "71"]
[EventDate "2009.08.21"]
[EventType "swiss"]
[EventRounds "10"]
[EventCountry "ESP"]
[Source "lmi"]
[SourceDate "2009.08.21"]

1. e4 c5 2. d3 Nc6 3. g3 d5 4. Nd2 Nf6 5. Bg2 b6 6. exd5 Nxd5 7. Ngf3 g6 8. O-O
Bg7 9. Nc4 O-O 10. a4 Qc7 11. Ng5 Rd8 12. c3 h6 13. Ne4 e5 14. Qf3 Be6 15. a5
Rab8 16. axb6 axb6 17. Qe2 f5 18. Ned2 Bf7 19. Nf3 Re8 20. Qc2 Rbd8 21. Qa4 Re7
22. Re1 Kh7 23. Qa6 Nb8 24. Qa4 Bf6 25. h4 Nc6 26. Qc2 e4 27. dxe4 Nxc3 28. e5
Nd5 29. exf6 Rxe1+ 30. Nxe1 Ndb4 31. Qe2 Re8 32. Qd2 f4 33. Bxc6 Qxc6 34. Ng2
Qxf6 35. Nd6 Rd8 36. Ne4 1-0

[Event "21. Open Internacional de Sants"]
[Site "Barcelona ESP"]
[Date "2009.08.28"]
[Round "8.8"]
[White "Gonzalez Garcia, Jose"]
[Black "Vila Gazquez, Xavier"]
[Result "1-0"]
[WhiteElo "2509"]
[BlackElo "2457"]
[PlyCount "61"]
[EventDate "2009.08.21"]
[EventType "swiss"]
[EventRounds "10"]
[EventCountry "ESP"]
[Source "lmi"]
[SourceDate "2009.08.21"]

1. d4 Nf6 2. c4 c5 3. d5 e5 4. Nc3 d6 5. e4 Be7 6. Nge2 Nbd7 7. Ng3 h5 8. Be2
g6 9. Nf1 h4 10. Ne3 Nh5 11. Bg4 a6 12. a3 Ng7 13. b4 b6 14. Rb1 O-O 15. bxc5
bxc5 16. Qc2 Bg5 17. O-O f5 18. exf5 Nf6 19. Bh3 Ngh5 20. fxg6 Bxh3 21. gxh3
Nf4 22. Nf5 N6h5 23. Rb7 Qc8 24. Rf7 Rxf7 25. gxf7+ Kf8 26. Kh1 Ng7 27. Bxf4
Bxf4 28. Rg1 Qxf5 29. Qxf5 Nxf5 30. Rg8+ Kxf7 31. Rxa8 1-0

[Event "21. Open Internacional de Sants"]
[Site "Barcelona ESP"]
[Date "2009.08.28"]
[Round "8.11"]
[White "Pitl, Gregory"]
[Black "Kunin, Vitaly"]
[Result "1-0"]
[WhiteElo "2405"]
[BlackElo "2532"]
[PlyCount "81"]
[EventDate "2009.08.21"]
[EventType "swiss"]
[EventRounds "10"]
[EventCountry "ESP"]
[Source "lmi"]
[SourceDate "2009.08.21"]

1. d4 Nf6 2. c4 g6 3. Nc3 Bg7 4. e4 d6 5. Nf3 O-O 6. Be2 c6 7. O-O a6 8. Qc2 b5
9. c5 dxc5 10. dxc5 Bg4 11. a4 b4 12. Nb1 b3 13. Qxb3 Nxe4 14. Rd1 Qc8 15. Qc2
Nf6 16. Nc3 a5 17. Ne5 Bf5 18. Bd3 Bxd3 19. Qxd3 Na6 20. Be3 Ng4 21. Nc4 Qc7
22. g3 Ne5 23. Qe2 Nxc4 24. Qxc4 Rfb8 25. Rd2 Rb4 26. Qd3 Qb7 27. Rad1 Nc7 28.
Qe2 Ne6 29. Rd7 Qb8 30. Qf3 Rxb2 31. Rxe7 Qf8 32. Rdd7 Rd8 33. Ne4 Rxd7 34.
Rxd7 Rb3 35. Nd2 Rc3 36. Ne4 Ra3 37. Kg2 Be5 38. Nf6+ Bxf6 39. Qxf6 Qg7 40. Bd4
h5 41. Qxe6 1-0